Normal view
MARC view
- الأدب العربي - تراث ثقافي - نقد أدبي - تراجم
Entry Topical Term
001 - CONTROL NUMBER
- control field: 11287
003 - CONTROL NUMBER IDENTIFIER
- control field: JO-AjAnu
005 - DATE AND TIME OF LATEST TRANSACTION
- control field: 20230606072119.0
008 - FIXED-LENGTH DATA ELEMENTS
- fixed length control field: 230606|| aca||aabn | a|a d
040 ## - CATALOGING SOURCE
- Original cataloging agency: JO-AjAnu
- Transcribing agency: JO-AjAnu
150 ## - HEADING--TOPICAL TERM
- Topical term or geographic name entry element: الأدب العربي - تراث ثقافي - نقد أدبي - تراجم
670 ## - SOURCE DATA FOUND
- Source citation: Work cat.: (JO-AjAnu)5813: بونيباكر، سيجر أدريانوس ؛ ترجمة خالص، وليد محمود ؛ سمير هيكل, author 11286, مقدمة تحقيق كتاب نقد الشعر لقدامة بن جعفر الكاتب البغدادي